Statistics for Click the countries Lana Del Rey has performed at

Click here to take the quiz!

General Stats

  • This quiz has been taken 8 times
  • The average score is 36 of 38

Answers on the Map

Answers color-coded by a green-red scale on the quiz's map according to % correct below.
 

Answer Stats

Answer% Correct
Argentina
100%
Australia
100%
Belarus
100%
Brazil
100%
Canada
100%
Chile
100%
China
100%
Colombia
100%
Denmark
100%
Finland
100%
France
100%
Germany
100%
Greece
100%
Ireland
100%
Italy
100%
Lebanon
100%
Mexico
100%
Netherlands
100%
Poland
100%
Portugal
100%
Russia
100%
Spain
100%
Turkey
100%
Ukraine
100%
United Arab Emirates
100%
United Kingdom
100%
United States
100%
Belgium
88%
Czech Republic
88%
Hungary
88%
Lithuania
88%
Monaco
88%
Norway
88%
Sweden
88%
Switzerland
88%
Austria
75%
Latvia
75%
Luxembourg
75%

Score Distribution

Percentile by Number Answered

Percent of People with Each Score

Your Score History

You have not taken this quiz